Visualizzazione normale
Vista MARC
- Flajano Ennio
di Personal Name
Records bibliografici associati: 1
001 - CONTROL NUMBER
- control field: 46130
003 - CONTROL NUMBER IDENTIFIER
- control field: IT-RoPau
005 - DATE AND TIME OF LATEST TRANSACTION
- control field: 20151129221229.0
008 - FIXED-LENGTH DATA ELEMENTS
- fixed length control field: 151129|| aca||aabn | a|a d
040 ## - CATALOGING SOURCE
- Original cataloging agency: IT-RoPau
- Transcribing agency: IT-RoPau
100 ## - HEADING--PERSONAL NAME
- Personal name: Flajano Ennio
- Relator term: (soggetto)
- Miscellaneous information: Codice Soggetto 2° SPICS: 6603
670 ## - SOURCE DATA FOUND
- Source citation: Work cat.: (IT-RoPau)106298: Damiani Damiano Codice regista SPICS: 7592 41060, INCHIESTA (L') INCHIESTA (L') (Rif. Codice opera principale : H9440)